Задонщина. Сказание о Мамаевом побоище. Летописная повесть о побоище на Дону: [сборник]
| Weitere Verfasser: | , , , , |
|---|---|
| Zusammenfassung: | К 600-летию Куликовской битвы Загл. указано на корешке В суперобложке. Текст произведений парал.: древнерус., рус. |
| Sprache: | Russisch |
| Veröffentlicht: |
Москва, Художественная литература, 1982
|
| Schlagworte: | |
| Format: | MixedMaterials Buch |
| KOHA link: | https://koha.lib.tpu.ru/cgi-bin/koha/opac-detail.pl?biblionumber=181869 |
MARC
| LEADER | 00000nam0a2200000 4500 | ||
|---|---|---|---|
| 001 | 181869 | ||
| 005 | 20231101223643.0 | ||
| 035 | |a (RuTPU)RU\TPU\book\197140 | ||
| 090 | |a 181869 | ||
| 100 | |a 20100611d1982 m y0rusy50 ca | ||
| 101 | 2 | |a rus | |
| 102 | |a RU | ||
| 105 | |a ac z 011zy | ||
| 200 | 1 | |a Задонщина. Сказание о Мамаевом побоище. Летописная повесть о побоище на Дону |e [сборник] |f под ред. Л. Платоновой ; авт. предисл. Б. Рыбаков ; авт. коммент. А. Демин ; авт. послесл. Л. А. Дмитриев ; ил. худ. И. С. Глазунова | |
| 210 | |a Москва |c Художественная литература |d 1982 | ||
| 215 | |a 263 с. |c ил. |d 31 см. | ||
| 300 | |a К 600-летию Куликовской битвы | ||
| 300 | |a Загл. указано на корешке | ||
| 300 | |a В суперобложке. | ||
| 300 | |a Текст произведений парал.: древнерус., рус. | ||
| 320 | |a Комментарии: с. 195-259. | ||
| 610 | 1 | |a древнерусская литература | |
| 610 | 1 | |a древнерусские летописи | |
| 610 | 1 | |a Древняя Русь | |
| 610 | 1 | |a история | |
| 610 | 1 | |a рукописные источники | |
| 686 | |a Ч611.68 |v LBC/SL-A |2 rubbk | ||
| 702 | 1 | |a Платонова |b Л. |4 340 | |
| 702 | 1 | |a Рыбаков |b Б. |4 080 | |
| 702 | 1 | |a Демин |b А. |4 080 | |
| 702 | 1 | |a Дмитриев |b Л. А. |c российский литературовед |c член-корреспондент РАН |f 1921-1993 |g Лев Александрович |2 stltpush |3 (RuTPU)RU\TPU\pers\18023 |4 080 |9 6681 | |
| 702 | 1 | |a Глазунов |b И. С. |c русский живописец |c график |f 1930- |g Илья Сергеевич |2 stltpush |3 (RuTPU)RU\TPU\pers\12280 |4 040 |9 3291 | |
| 801 | 1 | |a RU |b 63413507 |c 20100611 | |
| 801 | 2 | |a RU |b 63413507 |c 20100611 |g RCR | |
| 942 | |c BK | ||